| 000 | 00982nam a22002537a 4500 | ||
|---|---|---|---|
| 999 |
_c1769 _d1769 |
||
| 003 | AR-CdUCM | ||
| 008 | 190227b ||||| |||| 00| 0 spa d | ||
| 020 | _a9681843371 | ||
| 040 |
_aMUNICIPALIDAD PROVINCIAL DEL CUSCO _cBIBLIOTECA MUNICIPAL DEL CUSCO |
||
| 041 | _heng | ||
| 082 |
_a320.973 / _bW72 |
||
| 100 |
_aWilson, James Q. _96492 |
||
| 245 | _aEl Gobierno de los Estados Unidos / | ||
| 260 |
_aMexico : _bLimusa, _c1992. |
||
| 300 |
_a463 paginas ; _bIlustraciones en blanco y negro. _c23 cm. |
||
| 505 | _aQue debemos saber acerca del Gobierno de los Estados Unidos -- La Constitución -- Federalismo -- Libertades civiles y derechos civiles -- La opinión publica y los medios de comunicación... | ||
| 650 |
_aDemócratas y Republicanos _96493 |
||
| 650 |
_aIntereses economicos _96494 |
||
| 650 |
_aPotencia mundial _96495 |
||
| 650 |
_aLa burocracia _96496 |
||
| 700 |
_aNaves Ruiz, Juan (Traducción) _96497 |
||
| 942 |
_2ddc _cLIBROS |
||
| 945 |
_awnts _d2019-02-27 |
||